Green's function methods in probability theory.
Guardado en:
| Autor Principal: | |
|---|---|
| Formato: | Libro |
| Idioma: | English |
| Publicado: |
New York :
Hafner,
1965.
|
| Series: | Griffin's statistical monographs & courses ;
no. 17. |
| Materias: | |
| Etiquetas: |
Agregar Etiqueta
Sin Etiquetas, Sea el primero en etiquetar este registro!
|
| LEADER | 00740nam a22002291a 4500 | ||
|---|---|---|---|
| 001 | MAT.inmabb005725 | ||
| 008 | 840629s1965####nyua#####b####000#0#eng## | ||
| 005 | 20151118155212.0 | ||
| 245 | 1 | 0 | |a Green's function methods in probability theory. |
| 260 | |a New York : |b Hafner, |c 1965. | ||
| 300 | |a viii, 220 p. : |b il. ; |c 22 cm. | ||
| 490 | 1 | |a Griffin's statistical monographs & courses ; |v no. 17 | |
| 504 | |a Bibliografía: p. 199-204. | ||
| 510 | 4 | |a MR, |c 34 #2063 | |
| 100 | 1 | |a Keilson, Julian. | |
| 830 | 0 | |a Griffin's statistical monographs & courses ; |v no. 17. | |
| 650 | 0 | |a Probabilities. | |
| 650 | 0 | |a Green's functions. | |
| 084 | |a 60.69 |2 MR | ||
| 010 | |a 65006950 | ||
| 040 | |a DLC/ICU |c ICU |d DLC | ||
| 859 | |h 60 |i K27g |p A-2534 |b BIB. MATEMATICA | ||
